000 00377nam a2200145Ia 4500
008 230711s9999||||xx |||||||||||||| ||und||
041 _aENG
082 _a4
_bCL-N
100 _aCleary,Patrick J
245 4 _aThe negotiation handbook
250 _a1st Ed.
260 _c2003
_aNew Delhi
_bPHI Learning Private Limited
650 _aLibrary and Information Science
942 _cBK
999 _c4069
_d4069